|
|
|
|
| LEADER |
04126nam a22004213i 4500 |
| 001 |
EBC5611441 |
| 003 |
MiAaPQ |
| 005 |
20231204023214.0 |
| 006 |
m o d | |
| 007 |
cr cnu|||||||| |
| 008 |
231204s2018 xx o ||||0 eng d |
| 020 |
|
|
|a 9783030022303
|q (electronic bk.)
|
| 020 |
|
|
|z 9783030022297
|
| 035 |
|
|
|a (MiAaPQ)EBC5611441
|
| 035 |
|
|
|a (Au-PeEL)EBL5611441
|
| 035 |
|
|
|a (OCoLC)1084356313
|
| 040 |
|
|
|a MiAaPQ
|b eng
|e rda
|e pn
|c MiAaPQ
|d MiAaPQ
|
| 050 |
|
4 |
|a JF1525.P6
|
| 082 |
0 |
|
|a 320.80941
|
| 100 |
1 |
|
|a Wallace, Jennifer.
|
| 245 |
1 |
0 |
|a Wellbeing and Devolution :
|b Reframing the Role of Government in Scotland, Wales and Northern Ireland.
|
| 250 |
|
|
|a 1st ed.
|
| 264 |
|
1 |
|a Cham :
|b Springer International Publishing AG,
|c 2018.
|
| 264 |
|
4 |
|c Ã2019.
|
| 300 |
|
|
|a 1 online resource (169 pages)
|
| 336 |
|
|
|a text
|b txt
|2 rdacontent
|
| 337 |
|
|
|a computer
|b c
|2 rdamedia
|
| 338 |
|
|
|a online resource
|b cr
|2 rdacarrier
|
| 490 |
1 |
|
|a Wellbeing in Politics and Policy Series
|
| 505 |
0 |
|
|a Intro -- Acknowledgements -- Contents -- Abbreviations -- List of Figures -- List of Tables -- Chapter 1 Introduction -- Abstract -- Defining Wellbeing -- Personal Wellbeing-Living Well -- Societal Wellbeing-Living Well Together Now and in the Future -- Balancing Personal and Societal Wellbeing -- Wellbeing as a Concept for Understanding Social Progress -- The Failure of GDP -- The Development of Alternative Measures of Social Progress -- Towards a New Approach to Governance -- Bringing It Together: The Role of the Wellbeing Framework -- The Rest of the Book -- References -- Chapter 2 Understanding Wellbeing and Devolution in Scotland, Wales and Northern Ireland -- Abstract -- Understanding Devolution -- Trends on Wellbeing in Wales, Scotland and Northern Ireland -- Understanding Policy Impact from a Wellbeing Perspective -- References -- Chapter 3 Scotland: Wellbeing as Performance Management -- Abstract -- Introduction -- Context -- Catalysts -- Components -- Contribution -- A New Narrative on Wellbeing -- Horizontal Integration -- Vertical Integration -- Participation -- Prevention -- Budgeting -- Conclusion -- References -- Chapter 4 Wales: Wellbeing as Sustainable Development -- Abstract -- Introduction -- Context -- Catalysts -- Components -- Contribution -- A New Narrative on Wellbeing -- Horizontal Integration -- Vertical Integration -- Assessment Phase -- Objective Setting -- Participation -- Prevention -- Budgeting -- Conclusion -- References -- Chapter 5 Northern Ireland: Wellbeing as a Vision -- Abstract -- Introduction -- Context -- Catalysts -- Components -- Contributions -- A New Narrative on Wellbeing -- Horizontal Integration -- Vertical Integration -- Prevention -- Participation -- Budgeting -- Conclusions -- References -- Chapter 6 Cross-Jurisdictional Analysis -- Abstract -- Towards a Shared Understanding of Wellbeing.
|
| 505 |
8 |
|
|a Types of Data -- Domains of Wellbeing -- Structure of the Frameworks -- Understanding the Impact of Wellbeing Frameworks on Approaches to Governance -- Wellbeing as a Goal -- Wellbeing as a Conversation -- Wellbeing as a Framework -- Wellbeing as an Approach -- The Challenges Ahead for Wellbeing Approaches -- References -- Chapter 7 Conclusions and Reflections -- Abstract -- Policy Transfer, Policy Learning and Policy Diffusion -- From Advocacy and Policy Change to Social Change? -- Understanding Complexity in Wellbeing -- A New Politics for Wellbeing -- References -- Index.
|
| 588 |
|
|
|a Description based on publisher supplied metadata and other sources.
|
| 590 |
|
|
|a Electronic reproduction. Ann Arbor, Michigan : ProQuest Ebook Central, 2023. Available via World Wide Web. Access may be limited to ProQuest Ebook Central affiliated libraries.
|
| 655 |
|
4 |
|a Electronic books.
|
| 776 |
0 |
8 |
|i Print version:
|a Wallace, Jennifer
|t Wellbeing and Devolution
|d Cham : Springer International Publishing AG,c2018
|z 9783030022297
|
| 797 |
2 |
|
|a ProQuest (Firm)
|
| 830 |
|
0 |
|a Wellbeing in Politics and Policy Series
|
| 856 |
4 |
0 |
|u https://ebookcentral.proquest.com/lib/matrademy/detail.action?docID=5611441
|z Click to View
|